00554nam a2200193 a 4500001001300000003000900013005001700022008004100039020001000080082001800090100002000108245002500128260003600153300001000189500003500199505009100234650001500325700002000340nice12345678IN_TiNIC20260116011949.0050524s1960 shia grp 000 0 urd  ac10000a297.86bAHM17 aAhmad, Basharat aBasharat-E-Ahmadiyya aShimlabIndian Institute c1960 a304p. aincludes index and biblioraphy2 aalso contains nishan-e-asmani, asmani faisla siraj-e-munir and risala tuhfa-e-baghdad. aAhmadiyyah1 aAhmad, Basharat